00722nam a22002057a 4500003000900000008004100009020001800050040007100068082002200139100002800161245003200189260003400221300004300255505015000298650001600448650001000464650001000474650001500484650001700499AR-CdUCM190305b ||||| |||| 00| 0 spa d a9786120032183 aMUNICIPALIDAD PROVINCIAL DEL CUSCOcBIBLIOTECA MUNICIPAL DEL CUSCO a299.98 / G78bG78 aGranda Ñaure, Magnomi aMachupicchu trono de Dios / aCusco :bDannys Graff,c2018. a87 páginas ;bilustraciones,c29 cm. aContenido: Dios y el universo -- El origen de los continentes -- Golpe de estado y conflicto político en el cielo -- El origen de los Inkas ... aMachupicchu aInkas aIncas aReligión aCusco Perú